000 01135nam a22002657a 4500
005 20111031144644.0
008 111031t xxu||||| |||| 00| 0 eng d
010 _aENG-103994
020 _a9788120341692
_c325.00
035 _aEN-87527
037 _bDBAD/PUB
040 _aDPL
_bEng
082 _a660.28423
100 1 _aAnantharaman, N.
_935603
245 1 0 _aMass transfer :
_cby N. Anantharaman [and] K.M. Meera Sheriffa Begum
_btheory and practice /
260 _aNew Delhi
_bPHI Learning
_c2011
270 _aM-97, Connaught Circus
_bNew Delhi
_e110001
300 _axix,424p.
_c24cm (pbk)
500 _aIncludes index
650 0 _935604
700 _aMeera Sheriffa Begum, K.M.
_935606
942 _2ddc
_cEN
_h660.28423
_mANA
999 _c57910
_d57910